• 首页
  • 本馆介绍
  • 公告通知
  • 最新文献
  • 馆藏检索
  • 电子资源
  • 读者导购
  • 参考咨询
  • 我的图书馆
  • 登录
  • 详细信息显示
  • 放入我的书架
  • 预约/预借图书
  • 作者相关作品
  • 分类相关作品
  • 丛书相关作品
  • 出版社相关作品

书目信息

  • 表格格式
  • 工作单格式
  • 卡片格式
题名:
糖组学研究技术
    
 
作者: 李铮 编著
分册:  
出版信息: 北京   高等教育出版社  2015
页数: 303页,28页图版
开本: 26cm
丛书名:
单 册:
中图分类: Q53
科图分类:
主题词: 碳水化合物--研究
电子资源:
ISBN: 978-7-04-037676-0
000 00897nam0 2200241 450
001 2253405418
005 20220930145036.82
010    @a978-7-04-037676-0@dCNY48.00
100    @a20150228d2015 em y0chiy50 ea
101 0  @achi
102    @aCN@b110000
105    @aaf z 000yy
200 1  @a糖组学研究技术@9tang zu xue yan jiu ji shu@f李铮编著
210    @a北京@c高等教育出版社@d2015
215    @a303页,28页图版@c图@d26cm
312    @a封底英文题名:Technology for glycolics
330    @a本书共分为16章,其中第1章重点叙述糖组学研究内容和技术应用;第2-13章分别讲述各类糖组学实验技术;第14章讲述糖组学数据统计分析方法;第15章讲述用于糖组学研究的生物信息学技术;第16章列举了国际上糖组学研究常用的数据库。
510 1  @aTechnology for glycolics@zeng
606 0  @a碳水化合物@x研究
690    @aQ53@v5
701  0 @a李铮@9li zheng@4编著
801  0 @aCN@b91MARC@c20150604
905    @aZUCC@dQ53@e2
    
    糖组学研究技术/李铮编著.-北京:高等教育出版社,2015
    303页,28页图版:图;26cm
    
    
    ISBN 978-7-04-037676-0:CNY48.00
    本书共分为16章,其中第1章重点叙述糖组学研究内容和技术应用;第2-13章分别讲述各类糖组学实验技术;第14章讲述糖组学数据统计分析方法;第15章讲述用于糖组学研究的生物信息学技术;第16章列举了国际上糖组学研究常用的数据库。
●
相关链接 在五车中查询图书 在当当中查询图书 在豆瓣中查询图书


正题名:糖组学研究技术     索取号:Q53/2         预约/预借

序号 登录号 条形码 馆藏地/架位号 状态 备注
1 2000908732   2000908732   第三书库/ [索取号:Q53/2] 在馆    
2 2000908733   2000908733   第三书库/ [索取号:Q53/2] 在馆    
3 2000908734   2000908734   第三书库/ [索取号:Q53/2] 在馆    
山东省滨州职业学院图书馆 欢迎您!
大连网信软件有限公司© 版权所有